Most Capped Icelandic Footballers - Statistics

General Stats
  • This quiz has been taken 32 times
  • The average score is 5 of 20
Answer Stats
Rank Caps Player % Correct
19* 62* Ragnar Sigurðsson
77%
19 62 Helgi Sigurðsson
73%
15 65 Indriði Sigurðsson
73%
3* 88* Eiður Guðjohnsen
57%
7 73 Arnór Guðjohnsen
53%
15* 65* Aron Gunnarsson
27%
5 74 Brynjar Björn Gunnarsson
27%
18* 63* Birkir Már Sævarsson
20%
1 104 Rúnar Kristinsson
20%
4 80 Guðni Bergsson
17%
5 74 Birkir Kristinsson
10%
12 69 Sævar Jónsson
10%
15 65 Sigurður Jónsson
10%
9 71 Arnar Grétarsson
3%
9 71 Árni Gautur Arason
3%
11 70 Atli Eðvaldsson
3%
2 89 Hermann Hreiðarsson
3%
14 66 Eyjólfur Sverrisson
0%
13 67 Marteinn Geirsson
0%
8 72 Ólafur Þórðarson
0%
No matching quizzes found
Score Distribution
Percent of People with Each Score
Percentile by Number Answered
Your Score History
You have not taken this quiz